[Event "The Beginning"]
[Site "SchemingMind.com"]
[Date "2007.12.28"]
[Round "-"]
[White "steffex"]
[Black "bull mccabe"]
[Result "0-1"]
[WhiteCountry "USA"]
[BlackCountry "IRL"]
[WhiteElo "1269"]
[WhiteRD "68"]
[BlackElo "1533"]
[BlackRD "85"]
[GameID "135322"]

1. e4 c5 2. d4 cxd4 3. Qxd4 Nc6 4. Qc4 Nf6 5. Nf3 e6 6. e5 Nd5 7. Nc3 Nxc3 8. bxc3 Be7 9. Bd3 O-O 10. O-O b6
11. Bg5 h6 12. Be3 Bb7 13. Bxh6 gxh6 14. Qe4 f5 15. Qe2 Qc7 16. a3 Rf7 17. a4 Na5 18. c4 Rg7 19. g3 Bxf3 20. Qxf3 Rc8
21. Qf4 Nxc4 22. Rfe1 Nb2 23. Be2 Kh7 24. Rec1 Bg5 25. Qb4 Bxc1 26. Rxc1 Nc4 27. c3 Nxe5 28. c4 Qc5 29. Qb3 d5 30. Rc3 Nxc4
31. Bxc4 dxc4 32. Qd1 Qb4 33. Qa1 Rd7 34. Rc1 c3 35. Re1 Qb2
0-1

[Event "The Beginning"]
[Site "SchemingMind.com"]
[Date "2008.01.02"]
[Round "-"]
[White "bull mccabe"]
[Black "steffex"]
[Result "1-0"]
[WhiteCountry "IRL"]
[BlackCountry "USA"]
[WhiteElo "1533"]
[WhiteRD "85"]
[BlackElo "1269"]
[BlackRD "68"]
[GameID "135330"]

1. e4 e5 2. Nf3 Nc6 3. Bb5 d6 4. d4 d5 5. Bxc6+ bxc6 6. Nc3 Bd6 7. dxe5 Bb4 8. Bd2 dxe4 9. Nxe4 Qe7 10. a3 Bc5
11. Nxc5 Qxc5 12. O-O Nh6 13. h3 O-O 14. Bxh6 gxh6 15. c3 Be6 16. Qd4 Qb5 17. Rab1 c5 18. Qf4 Qd3 19. Qxh6 Qg6 20. Qxg6+ fxg6
21. Rfe1 Bd5 22. Re3 Rf4 23. Rbe1 Re8 24. Nd2 Rf5 25. c4 Ref8 26. f3 Bc6 27. Nb3 Bd7 28. Nxc5 Rg5 29. Nxd7 Rd8 30. e6 Kg7
31. e7 Re8 32. Re5 Kh6 33. Nf6 Rh8 34. e8=Q Rxe8 35. Nxe8
1-0

[Event "The Beginning"]
[Site "SchemingMind.com"]
[Date "2008.01.03"]
[Round "-"]
[White "gjttjg"]
[Black "ralph.hyland"]
[Result "1-0"]
[WhiteCountry "USA"]
[BlackCountry "IRL"]
[WhiteElo "1251"]
[WhiteRD "97"]
[BlackElo "1191"]
[BlackRD "101"]
[GameID "135838"]

1. d4 d5 2. Nc3 Be6 3. Be3 Nc6 4. Qd3 Nb4 5. a3 Nxd3+ 6. cxd3 Nf6 7. Rc1 g6 8. Nb5 Rc8 9. Nxa7 Ra8 10. Nb5 c6
11. Nc3 Bg4 12. h3 Bf5 13. g4 Be6 14. g5 Nd7 15. Nf3 b5 16. Bg2 f5 17. Ne5 Nb8 18. O-O Nd7 19. b4 Rxa3 20. Bf4 Bg7
21. Nxc6 Qb6 22. Na5 Qxd4 23. Nc6 Qxf4 24. Nxb5 Qxg5 25. Nxa3 d4 26. e3 O-O 27. Nb5 Ne5 28. Rfd1 Nf3+ 29. Kf1 Nh2+ 30. Kg1 Nf3+
31. Kf1 Bd5 32. Nbxd4 Nh2+ 33. Ke2 Qxg2 34. Rg1 Qxh3 35. Nxe7+ Kf7 36. Nxd5 Qh5+ 37. Kd2 Rd8 38. Rc7+ Kg8 39. Nf6+ Bxf6 40. Ne6 Nf3+
41. Kc2 Nxg1 42. Nxd8 Bxd8 43. Rc5 Bh4 44. b5 Nf3 45. b6 Be7 46. Rc8+ Kg7 47. b7 Ne1+ 48. Kc3 Bd6 49. Rc6 Be5+ 50. d4 Qf3
51. Rb6 Qe4 52. dxe5 Qxe5+ 53. Kc4 Qc7+ 54. Kb5 Qb8 55. Ka6 Nd3 56. Rb5 Nxf2 57. Rc5 Qd6+ 58. Kb5 Qd7+ 59. Kb6 Ne4 60. Rc7 Nf6
61. Rxd7+ Nxd7+ 62. Kc7 Nf8 63. b8=Q Ne6+ 64. Kd6 Kf6 65. Qh8+ Ng7 66. Qf8+ Kg5 67. Qxg7 h6 68. Ke6 h5 69. Ke5 h4 70. Qf6+ Kg4
71. Qxg6+ Kf3 72. Qg5 h3 73. Qf4+ Kg2 74. Kxf5 h2 75. Qg4+ Kf1 76. Kf4 h1=Q 77. Qf3+ Qxf3+ 78. Kxf3 Ke1 79. e4 Kd2 80. e5
1-0

[Event "The Beginning"]
[Site "SchemingMind.com"]
[Date "2008.01.02"]
[Round "-"]
[White "R.Leydon"]
[Black "lame wolf"]
[Result "1-0"]
[WhiteCountry "IRL"]
[BlackCountry "INT"]
[WhiteElo "1461"]
[WhiteRD "161"]
[BlackElo "1174"]
[BlackRD "60"]
[GameID "135839"]

1. d4 d5 2. Nc3 Qd6 3. f3 c5 4. e3 cxd4 5. Qxd4 e5 6. Qxd5 Qxd5 7. Nxd5 Bd6 8. e4 Be6 9. Bb5+ Bd7 10. Bc4 Bc6
11. Nc3 b5 12. Nxb5 Bxb5 13. Bxb5+ Ke7 14. c4 Nf6 15. Bg5 a6 16. Ba4 Bb4+ 17. Kf1 Rd8 18. a3 Bc5 19. Nh3 Kf8 20. b4 Bd4
21. Bxf6 Bxa1 22. Kf2 Rd2+ 23. Kg3 gxf6 24. Rxa1 Nd7 25. Bc6 Ra7 26. b5 Nc5 27. b6 Re7 28. Rb1 Kg7 29. a4 Ra2 30. Nf2 Kg6
31. h4 Rc2 32. b7 Nxb7 33. Bxb7 Rxc4 34. Bc6 Rxc6 35. a5 f5 36. exf5+ Kxf5 37. Ne4 f6 38. Kh3 h6 39. g4+ Kf4 40. Rf1 Rf7
41. Nd2 f5 42. h5 Re6 43. Nc4 Kg5 44. Ne3 f4 45. Nf5 e4 46. Nd4 Re5 47. Nc6 Re8 48. Nb4 e3 49. Nxa6 e2 50. Re1 Re3
51. Kg2 Ra7 52. Nb4 Rxa5 53. Nc2 Rae5 54. Kf2 Kh4 55. Nxe3 Rxe3 56. Rxe2 Rxe2+ 57. Kxe2 Kg5= 58. Kd3 Kf6 59. Ke4 Kg5 60. Ke5 Kh4
61. Kxf4
1-0

[Event "The Beginning"]
[Site "SchemingMind.com"]
[Date "2008.01.04"]
[Round "-"]
[White "ralph.hyland"]
[Black "gjttjg"]
[Result "1-0"]
[WhiteCountry "IRL"]
[BlackCountry "USA"]
[WhiteElo "1187"]
[WhiteRD "105"]
[BlackElo "1098"]
[BlackRD "112"]
[GameID "135844"]

1. d4 Nc6 2. d5 Ne5 3. Bf4 d6 4. Bxe5 dxe5 5. Nc3 Nf6 6. e4 e6 7. Bb5+ Bd7 8. Nf3 Bd6 9. Ng5 a6 10. dxe6 fxe6
11. O-O h6 12. Nf3 Nxe4 13. Nxe4 Bxb5 14. c3 Bxf1 15. Kxf1 Qe7 16. c4 O-O-O 17. a3 g5 18. a4 g4 19. Nfd2 Qh4 20. Kg1 Rhf8
21. g3 Qh5 22. c5 Be7 23. Qb3 Qg6 24. Qb4 Rd4 25. Nd6+ Kb8 26. Qxb7#
1-0

[Event "The Beginning"]
[Site "SchemingMind.com"]
[Date "2008.01.02"]
[Round "-"]
[White "lame wolf"]
[Black "R.Leydon"]
[Result "1/2-1/2"]
[WhiteCountry "INT"]
[BlackCountry "IRL"]
[WhiteElo "1174"]
[WhiteRD "60"]
[BlackElo "1461"]
[BlackRD "161"]
[GameID "135845"]

1. g4 d5 2. h3 e6 3. d4 c5 4. c3 cxd4 5. Qxd4 Nc6 6. Qd1 Bc5 7. e3 g6 8. Bg2 Nf6 9. g5 Nh5 10. h4 f5
11. Nd2 b6 12. Bf3 Ng3 13. fxg3 Bxe3 14. Nf1 Bc5 15. Be3 Bd6 16. Bf4 e5 17. Be3 e4 18. Be2 Ne5 19. Qxd5 Bd7 20. Qxd6 Nf7
21. Qd1 Qc7 22. Nd2 Qxg3+ 23. Bf2 Qd6 24. Bd4 Rf8 25. Bf6 e3 26. Ne4 fxe4 27. h5 Rc8 28. Qxd6 Nxd6 29. Ba6 Rc5 30. Bd4 Rxg5
31. Bxe3 Ra5 32. Be2 Nf5 33. Bf2 e3 34. Bh4 Ra4 35. Nf3 Rg8 36. b3 Rf4 37. c4 h6 38. Rg1 Kf8 39. hxg6 Rxh4 40. Nxh4 Nxh4
41. Rd1 Bf5 42. Rd8+ Kg7 43. Rxg8+ Kxg8 44. Rh1 Ng2+ 45. Kf1 Nf4 46. Rxh6 Bh3+ 47. Ke1 Kg7 48. Rh7+ Kxg6 49. Rxa7 Kg5 50. Re7 Bg4
51. Rxe3 Bxe2= 52. Rc3 Nd3+ 53. Kxe2 Nb2 54. Rg3+ Kf4 55. Rg6 Ke4 56. Rxb6 Nd3 57. Rb8 Nc1+ 58. Kf2 Nxa2 59. Ke2 Nc3+ 60. Kf2 Na2
61. c5 Kd5 62. b4 Kc4 63. Ke3 Nxb4 64. Rc8 Nd5+ 65. Ke4 Ne7 66. Rc7 Nd5 67. Rc8=
1/2-1/2

[Event "The Beginning"]
[Site "SchemingMind.com"]
[Date "2008.01.07"]
[Round "-"]
[White "kloosterveen"]
[Black "cnile"]
[Result "0-1"]
[WhiteCountry "NED"]
[BlackCountry "SCO"]
[WhiteElo "1407"]
[WhiteRD "94"]
[BlackElo "1465"]
[BlackRD "66"]
[GameID "135944"]

1. d4 d5 2. e3 Nf6 3. c4 e6 4. Nf3 Be7 5. cxd5 exd5 6. g3 Bg4 7. Bg2 Nbd7 8. O-O Ne4 9. h3 Bh5 10. g4 Bg6
11. Nc3 Ndf6 12. Ne5 c6
0-1

[Event "The Beginning"]
[Site "SchemingMind.com"]
[Date "2008.01.07"]
[Round "-"]
[White "cnile"]
[Black "kloosterveen"]
[Result "1-0"]
[WhiteCountry "SCO"]
[BlackCountry "NED"]
[WhiteElo "1465"]
[WhiteRD "66"]
[BlackElo "1407"]
[BlackRD "94"]
[GameID "135951"]

1. e4 c5 2. Nf3 d6 3. d4 cxd4 4. Nxd4 Nf6 5. Nc3 g6 6. Be2 Bg7 7. f4 O-O 8. Be3 Nc6 9. Qd2 e5 10. fxe5 dxe5
11. Nxc6 bxc6 12. O-O
1-0

[Event "The Beginning"]
[Site "SchemingMind.com"]
[Date "2008.01.03"]
[Round "-"]
[White "Hexsaw"]
[Black "alejandra"]
[Result "0-1"]
[WhiteCountry "ENG"]
[BlackCountry "ARG"]
[WhiteElo "1172"]
[WhiteRD "92"]
[BlackElo "1178"]
[BlackRD "97"]
[GameID "136089"]

1. d4 d5 2. e3 Nc6 3. Nc3 Bf5 4. Bb5 a6 5. Ba4 Nf6 6. Nf3 e6 7. O-O Ng4 8. Ne5 Bd6 9. b3 O-O 10. Bb2 Ncxe5
11. dxe5 Bxe5 12. Ba3 Bxc3 13. Qf3 Be5 14. c4 Qh4 15. Qh3 Qxh3 16. gxh3 Bxh2+ 17. Kg2 Bd6 18. Bxd6 cxd6 19. Rad1 Ne5 20. cxd5 b5
21. f4 Be4+ 22. Kg3 exd5 23. fxe5 dxe5 24. Rc1 d4 25. exd4 exd4 26. Rf4 Rfe8 27. Rc7 g5 28. Rfxf7 Red8 29. h4 gxh4+ 30. Kxh4 h6
31. Kh5 d3 32. Kxh6 Bd5 33. Rg7+ Kf8 34. Rcf7+ Bxf7
0-1

[Event "The Beginning"]
[Site "SchemingMind.com"]
[Date "2008.01.03"]
[Round "-"]
[White "alejandra"]
[Black "Hexsaw"]
[Result "1-0"]
[WhiteCountry "ARG"]
[BlackCountry "ENG"]
[WhiteElo "1190"]
[WhiteRD "97"]
[BlackElo "1197"]
[BlackRD "84"]
[GameID "136095"]

1. e4 e5 2. Nf3 Nc6 3. Bc4 Nf6 4. d3 d6 5. Ng5 d5 6. exd5 Nxd5 7. Nc3 Be7 8. Bxd5 f6 9. Qh5+ g6 10. Bf7+ Kd7
11. Qh3+ Kd6 12. Nce4#
1-0

[Event "The Beginning"]
[Site "SchemingMind.com"]
[Date "2008.01.09"]
[Round "-"]
[White "iain"]
[Black "abcradit"]
[Result "1-0"]
[WhiteCountry "USA"]
[BlackCountry "USA"]
[WhiteElo "1467"]
[WhiteRD "68"]
[BlackElo "1271"]
[BlackRD "124"]
[GameID "136816"]

1. d4 d5 2. c4 e5 3. e3 Nc6 4. Nc3 Bb4 5. Bd3 Nf6 6. Ne2 Be6 7. O-O dxc4 8. Bc2 Bg4 9. a3 exd4 10. exd4 Nxd4
11. Qxd4 Qxd4 12. Nxd4 O-O-O 13. Be3 Nd5 14. Nxd5 Rxd5 15. axb4 Re8 16. h3 Bd7 17. Ba4 Bxa4 18. Rxa4 b5 19. Rxa7 Kd7 20. Rd1 Re4
21. Ra5 c5 22. bxc5 f5 23. g3 b4 24. c6+ Kc7 25. Rxd5
1-0

[Event "The Beginning"]
[Site "SchemingMind.com"]
[Date "2008.01.10"]
[Round "-"]
[White "rampichino"]
[Black "joeuno"]
[Result "1-0"]
[WhiteCountry "ITA"]
[BlackCountry "USA"]
[WhiteElo "1286"]
[WhiteRD "64"]
[BlackElo "1086"]
[BlackRD "120"]
[GameID "136817"]

1. e4 e5 2. Nf3 d6 3. d4 Nd7 4. dxe5 dxe5 5. Bc4 Be7 6. Nc3 b6 7. Be3 Ngf6 8. O-O O-O 9. Qd2 c6 10. a3 Ng4
11. Rad1 b5 12. Bb3 b4 13. axb4 Ba6 14. Qxd7 Bxf1 15. Qxg4 Qc8 16. Qxc8 Rfxc8 17. Kxf1 Bxb4 18. Nxe5 Bd6 19. Rxd6
1-0

[Event "The Beginning"]
[Site "SchemingMind.com"]
[Date "2008.01.09"]
[Round "-"]
[White "abcradit"]
[Black "iain"]
[Result "0-1"]
[WhiteCountry "USA"]
[BlackCountry "USA"]
[WhiteElo "1271"]
[WhiteRD "124"]
[BlackElo "1467"]
[BlackRD "68"]
[GameID "136826"]

1. f4 Nf6 2. Nf3 d6 3. g3 g6 4. Bg2 Bg7 5. O-O O-O 6. Nc3 Nc6 7. e4 e5 8. fxe5 dxe5 9. d3 Nd7 10. Bh3 a6
11. Nd5 Nd4 12. Be3 Nxf3+ 13. Qxf3 c6 14. Bb6 Nxb6 15. Nxb6 Qxb6+ 16. Kh1 Bxh3 17. Rf2 f5
0-1

[Event "The Beginning"]
[Site "SchemingMind.com"]
[Date "2008.01.09"]
[Round "-"]
[White "joeuno"]
[Black "rampichino"]
[Result "1-0"]
[WhiteCountry "USA"]
[BlackCountry "ITA"]
[WhiteElo "1117"]
[WhiteRD "114"]
[BlackElo "1169"]
[BlackRD "60"]
[GameID "136827"]

1. e4 d5 2. Nc3 c6 3. d3 dxe4 4. Nxe4 Bf5 5. Be3 e6 6. Qd2 Nf6 7. O-O-O Be7 8. Nf3 Nxe4 9. Nd4 Nxd2 10. Rxd2 Bg6
11. g3 Nd7 12. h4 h5 13. f4 Qa5 14. Nb3 Qxa2 15. Kd1 Bb4 16. Rf2 O-O-O 17. f5 Bxf5 18. Be2 Bg4 19. Rxf7 Qb1+ 20. Nc1
1-0

[Event "The Beginning"]
[Site "SchemingMind.com"]
[Date "2008.02.26"]
[Round "-"]
[White "R.Leydon"]
[Black "iain"]
[Result "1-0"]
[WhiteCountry "IRL"]
[BlackCountry "USA"]
[WhiteElo "1438"]
[WhiteRD "134"]
[BlackElo "1456"]
[BlackRD "65"]
[GameID "143572"]

1. d4 Nf6 2. f3 g6 3. e4 Bg7 4. e5 Nd5 5. Bc4 c6 6. c3 O-O 7. Ne2 d6 8. Bf4 Nxf4 9. Nxf4 dxe5 10. dxe5 Qxd1+
11. Kxd1 Bxe5 12. Nd3 Bg7 13. Re1 e6 14. Nd2 b5 15. Bb3 Nd7 16. g4 a5 17. Nf2 c5 18. Nde4 c4 19. Bc2 Bb7 20. Nd6 Bxf3+
21. Kc1 b4 22. Nxc4 bxc3 23. Re3 Bd5 24. Be4 Bxe4 25. Rxe4 Nc5 26. Re5 Bxe5 27. Nxe5 cxb2+ 28. Kxb2 Rab8+ 29. Kc1 Rfd8 30. Nc6
1-0

[Event "The Beginning"]
[Site "SchemingMind.com"]
[Date "2008.02.27"]
[Round "-"]
[White "iain"]
[Black "R.Leydon"]
[Result "1-0"]
[WhiteCountry "USA"]
[BlackCountry "IRL"]
[WhiteElo "1446"]
[WhiteRD "67"]
[BlackElo "1381"]
[BlackRD "140"]
[GameID "143581"]

1. e4 e5 2. Nf3 f6 3. d4 d5 4. Nc3 Bb4 5. Be2 dxe4 6. Nh4 exd4 7. a3 Bc5 8. Nxe4 Qd5 9. Nd2 Ne7 10. O-O O-O
11. Bc4 Qxc4 12. Nxc4 Be6 13. Nd2 Bd6 14. Ne4 Nbc6 15. Nxd6 cxd6 16. Re1 Nd8 17. Qxd4 g5 18. Nf3 d5 19. Rxe6 Kf7 20. Rxf6+ Ke8
21. Bxg5 Rc8 22. Rxf8+ Kxf8 23. Qh8+ Ng8 24. Qxh7 Nf7 25. Qf5 Rc5 26. Ne5 d4 27. Qxf7#
1-0

[Event "The Beginning"]
[Site "SchemingMind.com"]
[Date "2008.04.22"]
[Round "-"]
[White "bull mccabe"]
[Black "joeuno"]
[Result "1-0"]
[WhiteCountry "IRL"]
[BlackCountry "USA"]
[WhiteElo "1699"]
[WhiteRD "79"]
[BlackElo "1132"]
[BlackRD "107"]
[GameID "151467"]

1. e4 f5 2. exf5 c5 3. Nc3 Nf6 4. Nf3 d5 5. Ne5 d4 6. Ne2 Qd5 7. f4 Bxf5 8. d3 Na6 9. Ng3 Nb4 10. a3 Nc6
11. Nxc6 bxc6 12. Nxf5 Qxf5 13. g3 e5 14. Qe2 Bd6 15. fxe5 Bxe5 16. Bg2 O-O 17. Bxc6 Rad8 18. Be4 Qe6 19. Bg5 Rb8 20. b3 Nxe4
21. Qxe4 Qd6 22. Ke2 c4 23. b4 Rf7 24. Rhf1 cxd3+ 25. Qxd3 Rbf8 26. Rxf7 Rxf7 27. Rf1 Rd7 28. Qc4+
1-0

[Event "The Beginning"]
[Site "SchemingMind.com"]
[Date "2008.04.20"]
[Round "-"]
[White "joeuno"]
[Black "bull mccabe"]
[Result "0-1"]
[WhiteCountry "USA"]
[BlackCountry "IRL"]
[WhiteElo "1132"]
[WhiteRD "107"]
[BlackElo "1699"]
[BlackRD "79"]
[GameID "151475"]

1. e4 c5 2. f4 Nc6 3. f5 e6 4. Ne2 Nf6 5. d3 b6 6. Bf4 Bb7 7. Ng3 Be7 8. Nc3 O-O 9. Qd2 exf5 10. exf5 Nd4
11. O-O-O d5 12. h4 h6 13. Nge2 Nxe2+ 14. Bxe2 d4 15. Ne4 Nxe4 16. dxe4 Bxe4 17. Rhg1 Bxf5 18. g4 Be6 19. Bf3 Bd5 20. Be2 Bxh4
21. Rdf1 Qd7 22. g5 hxg5 23. Bxg5 Bxg5 24. Qxg5 f6 25. Qh5 Qe8 26. Qxd5+ Qf7 27. Rf5 Qxd5 28. Rxd5 Rfe8
0-1

[Event "The Beginning"]
[Site "SchemingMind.com"]
[Date "2008.04.27"]
[Round "-"]
[White "alejandra"]
[Black "cnile"]
[Result "0-1"]
[WhiteCountry "ARG"]
[BlackCountry "SCO"]
[WhiteElo "1118"]
[WhiteRD "100"]
[BlackElo "1484"]
[BlackRD "76"]
[GameID "151822"]

1. g3 Nf6 2. d4 e6 3. Nf3 c5 4. Nc3 cxd4 5. Qxd4 Nc6 6. Qd1 Bb4 7. Bf4 d5 8. Bh3 Ne4 9. O-O Nxc3 10. bxc3 Bxc3
11. Rb1 O-O 12. Qd3 Bf6 13. Rfd1 a6 14. Bg2 Re8 15. e4 b5 16. a3 Bb7
0-1

[Event "The Beginning"]
[Site "SchemingMind.com"]
[Date "2008.04.27"]
[Round "-"]
[White "cnile"]
[Black "alejandra"]
[Result "1-0"]
[WhiteCountry "SCO"]
[BlackCountry "ARG"]
[WhiteElo "1484"]
[WhiteRD "76"]
[BlackElo "1118"]
[BlackRD "100"]
[GameID "151827"]

1. e4 e5 2. Nf3 Nc6 3. Bb5 Nf6 4. d3 Bb4+ 5. c3 Bc5 6. O-O d6 7. h3 Be6 8. Nbd2 O-O 9. Re1 Nh5 10. Nf1 Qd7
11. Be3 Ne7 12. Bxd7 Bxd7 13. Bxc5 dxc5 14. Nxe5 Bc8 15. Qxh5 Rd8 16. Qxf7+ Kh8 17. Qxe7 g6 18. Qxd8+
1-0

[Event "The Beginning"]
[Site "SchemingMind.com"]
[Date "2008.07.30"]
[Round "-"]
[White "ralph.hyland"]
[Black "cnile"]
[Result "0-1"]
[WhiteCountry "IRL"]
[BlackCountry "SCO"]
[WhiteElo "1212"]
[WhiteRD "107"]
[BlackElo "1542"]
[BlackRD "68"]
[GameID "165317"]

1. e4 e5 2. Bc4 Nf6 3. d3 c6 4. Nf3 Qc7 5. Ng5 d5 6. Bb3 Be7 7. O-O O-O 8. Nc3 Be6 9. a4 Nbd7 10. Be3 h6
11. Nf3 d4 12. Bxd4 exd4 13. Nxd4 Ng4 14. e5 Ndxe5 15. f3 Ne3 16. Qe1 Nxf1 17. Qxf1 Bxb3 18. cxb3 Rad8 19. Qf2 Nxd3 20. Qe3 Bc5
21. Qxd3 Rxd4 22. Qf5 Rf4+ 23. Qxc5 Qb6 24. b4 Qxc5+ 25. bxc5 Re8 26. Rf1 Rb4 27. Rb1 Re5 28. Rd1 Rxb2 29. f4 Rxc5 30. Ne4 Rcc2
31. Rd8+ Kh7 32. Rd2 Rxd2 33. Nxd2 Rxd2 34. f5 c5 35. h4 c4 36. g4 c3 37. g5 hxg5 38. hxg5 c2 39. g6+ fxg6 40. fxg6+ Kxg6
0-1

[Event "The Beginning"]
[Site "SchemingMind.com"]
[Date "2008.07.31"]
[Round "-"]
[White "cnile"]
[Black "ralph.hyland"]
[Result "1-0"]
[WhiteCountry "SCO"]
[BlackCountry "IRL"]
[WhiteElo "1542"]
[WhiteRD "72"]
[BlackElo "1204"]
[BlackRD "109"]
[GameID "165325"]

1. e4 e5 2. Nf3 Bd6 3. Bc4 Nf6 4. d4 Nc6 5. dxe5 Bxe5 6. Bg5 d6 7. Nc3 Bg4 8. Nd5 Be6 9. Nxe5 dxe5 10. Qf3 Bxd5
11. exd5 Nd4 12. Qd3 O-O 13. O-O a5 14. a4 h6 15. Bxf6 Qxf6 16. Rfe1 c6 17. dxc6 bxc6 18. Rad1 Rae8 19. c3 Nf5 20. Qe4 Nd6
21. Qe2 Rd8 22. Ba2 c5 23. Qxe5 c4 24. Qxf6 gxf6 25. Bb1 f5 26. Rd4 Rde8 27. Red1 Nc8 28. Bxf5 Ne7 29. Rg4+ Kh8 30. Bc2 f5
31. Rxc4 f4 32. f3 Nf5 33. Bxf5 Rxf5 34. Rcd4 Rg5 35. Rd8 Reg8 36. Rxg8+ Kxg8 37. Rd7 Re5 38. Kf2 Re6 39. Rd5 h5 40. Rxa5 Rd6
41. Rxh5 Rd2+ 42. Kf1 Rxb2 43. a5 Rb3 44. a6 Rb1+ 45. Ke2 Ra1 46. Rf5 Rxa6 47. Rxf4 Ra2+ 48. Ke3 Rxg2 49. c4 Rxh2 50. Kd3 Rh7
51. Kd4 Rd7+ 52. Ke5 Re7+ 53. Kd6 Rf7 54. Rxf7 Kxf7 55. Kd7 Kf6 56. c5 Kf5 57. c6 Kf4 58. c7 Kxf3 59. c8=Q
1-0

[Event "The Beginning"]
[Site "SchemingMind.com"]
[Date "2008.08.18"]
[Round "-"]
[White "R.Leydon"]
[Black "bull mccabe"]
[Result "0-1"]
[WhiteCountry "IRL"]
[BlackCountry "IRL"]
[WhiteElo "1348"]
[WhiteRD "82"]
[BlackElo "1712"]
[BlackRD "83"]
[GameID "167660"]

1. d4 d5 2. c4 e6 3. Nc3 Nf6 4. Bg5 Be7 5. Nf3 O-O 6. e3 Nbd7 7. c5 c6 8. Bd3 b6 9. O-O h6 10. Bf4 bxc5
11. dxc5 Nxc5 12. b4 Nxd3 13. Qxd3 Bxb4 14. Na4 Bd6 15. Rac1 Bb7 16. Nc3 Bxf4 17. exf4 Qd6 18. Rb1 Qc7 19. Rb3 Rab8 20. Ra3 a5
21. g4 Nxg4 22. h3 Nf6 23. Ne2 c5 24. Ne5 Ne4 25. Qb5 c4 26. f3 Nd6 27. Qxa5 Qxa5 28. Rxa5 Ra8 29. Rxa8 Rxa8 30. Nc3 d4
31. Ne4 Nxe4 32. fxe4 Bxe4 33. Nxc4 Bd3 34. Rc1 Rc8 35. a4 Rxc4 36. Rxc4 Bxc4 37. a5 d3 38. Kf1 d2+
0-1

[Event "The Beginning"]
[Site "SchemingMind.com"]
[Date "2008.08.18"]
[Round "-"]
[White "bull mccabe"]
[Black "R.Leydon"]
[Result "1-0"]
[WhiteCountry "IRL"]
[BlackCountry "IRL"]
[WhiteElo "1712"]
[WhiteRD "83"]
[BlackElo "1348"]
[BlackRD "82"]
[GameID "167662"]

1. e4 Nc6 2. Nf3 e5 3. Bb5 Nd4 4. Nxd4 exd4 5. O-O Nf6 6. e5 Nd5 7. Qg4 c5 8. d3 a6 9. Ba4 Qe7 10. a3 Qxe5
11. Bd2 Bd6 12. Re1 Ne3 13. fxe3 O-O 14. Qh3 dxe3 15. Bxe3 Qxb2 16. Nd2 Qc3 17. Ne4 Qa5 18. Nxd6 Qxa4 19. c4 Qc6 20. Nxc8 Raxc8
21. Bd2 Rcd8 22. Re3 Qf6 23. Rae1 Qb2 24. R3e2 Qxa3 25. Qg3 d6 26. Bh6 Qc3 27. Re5 dxe5 28. Qxg7#
1-0

[Event "The Beginning"]
[Site "SchemingMind.com"]
[Date "2008.10.23"]
[Round "-"]
[White "cnile"]
[Black "bull mccabe"]
[Result "0-1"]
[WhiteCountry "SCO"]
[BlackCountry "IRL"]
[WhiteElo "1579"]
[WhiteRD "72"]
[BlackElo "1696"]
[BlackRD "82"]
[GameID "175908"]

1. e4 c5 2. Nc3 Nc6 3. Nge2 Nf6 4. d4 cxd4 5. Nxd4 e5 6. Ndb5 d6 7. Be3 a6 8. Na3 b5 9. Nab1 h6 10. Nd2 Be7
11. Be2 O-O 12. Bf3 Bb7 13. O-O Qc7 14. a3 Rac8 15. Re1 Na5 16. Nf1 Nc4 17. Ng3 Nxb2 18. Qd2 Qxc3 19. Nf5 Rfe8 20. Bxh6 Qxd2
21. Bxd2 Rxc2 22. Bb4 Rc6 23. Ra2 Nd3 24. Nxe7+ Rxe7 25. Rd2 Nxe1 26. Rd1 Nxf3+ 27. gxf3 Rd7 28. Kg2 Ne8 29. Rxd6 Nxd6
0-1

[Event "The Beginning"]
[Site "SchemingMind.com"]
[Date "2008.10.23"]
[Round "-"]
[White "bull mccabe"]
[Black "cnile"]
[Result "1-0"]
[WhiteCountry "IRL"]
[BlackCountry "SCO"]
[WhiteElo "1696"]
[WhiteRD "82"]
[BlackElo "1579"]
[BlackRD "72"]
[GameID "175915"]

1. e4 e6 2. d4 d5 3. Nd2 Nf6 4. e5 Nfd7 5. Bd3 c5 6. c3 Nc6 7. Ne2 Be7 8. O-O Qb6 9. Nf3 cxd4 10. cxd4 a6
11. b3 Bb4 12. Bd2 Ba3 13. Qc2 Be7 14. Bxh7 Nf8 15. Bd3 Bd7 16. Rac1 Nb4 17. Qb1 Nxd3 18. Qxd3 Bb5 19. Qe3 Ba3 20. Rc2 Nd7
21. Bc1 Be7 22. Bb2 O-O 23. Rfc1 Qa5 24. a4 Bc6 25. h4 Qd8 26. h5 f5 27. Nf4 Rc8 28. Nxe6 Qe8 29. Nxf8 Nxf8 30. h6 g6
31. Ng5 Nh7 32. Nxh7 Kxh7 33. Rc3 Qd8 34. R1c2 Bg5 35. Qh3 Qb6 36. Rg3 Bxh6 37. Bc1 Qxd4 38. Qxh6+ Kg8 39. Qxg6+ Kf8 40. Bh6+ Ke7
41. Qf6+ Ke8 42. Rg8+ Kd7 43. Qd6#
1-0